| 000 | 00561nam a2200229Ia 4500 | ||
|---|---|---|---|
| 003 | 0100 | ||
| 008 | 130303s9999 xx 000 0 und d | ||
| 040 | _cARRUPELIB | ||
| 050 | _aBX2179.L9 1994 | ||
| 100 | _aLuis,M | ||
| 245 | _aAlone With God Alone | ||
| 245 | _bA Biblical 30-Day Retreat | ||
| 260 | _aGujarat | ||
| 260 | _bGujarat Sahitya Prakash | ||
| 260 | _C1994 | ||
| 300 | _axvii | ||
| 300 | _b268p. 21cm | ||
| 650 | _bchristianity and other religions--Chinese | ||
| 650 | _cChina--Religion | ||
| 700 | _aBermejo S.J. | ||
| 942 |
_2lcc _01 |
||
| 999 |
_c61845 _d61845 |
||